000 01312nam a2200313 c 4500
001 000030482
003 RuMoIPM
005 20260505132353.0
008 090312s2009 ru a||||||||||||||||rus d
020 _a978-5-397-00328-5
035 _a(RuMoBEN) 000017704
035 _a(RuMoBEN Bibliobus) 042428
040 _aRuMoBEN
_brus
_ercr
041 _arus
044 _aru
080 _a51
080 _a930
080 _a930.85
080 _a001.891.573
080 _a930.1
245 0 0 _aПроблемы математической истории
_bисторическая реконструкция, прогнозирование, методология : [сборник статей]
_cИн-т прикладной математики им. М. В. Келдыша РАН ; отв. ред. Г. Г. Малинецкий, А. В. Коротаев
260 _aМосква
_bURSS
_bЛиброком
_c2009
300 _a248 с.
_bил., портр.
504 _aБиблиогр. в конце ст.
700 0 _aМалинецкий, Георгий Геннадьевич
_eред.
700 0 _aКоротаев, Андрей Витальевич
_eред.
710 2 _aИнститут прикладной математики им. М. В. Келдыша (Москва)
942 _cBK
999 _c30482
_d30482